|
|
|
|
| LEADER |
03212nam a22005175i 4500 |
| 001 |
978-3-7643-7356-6 |
| 003 |
DE-He213 |
| 005 |
20151204170422.0 |
| 007 |
cr nn 008mamaa |
| 008 |
100301s2005 sz | s |||| 0|eng d |
| 020 |
|
|
|a 9783764373566
|9 978-3-7643-7356-6
|
| 024 |
7 |
|
|a 10.1007/3-7643-7356-3
|2 doi
|
| 040 |
|
|
|d GrThAP
|
| 050 |
|
4 |
|a QA401-425
|
| 072 |
|
7 |
|a PBKJ
|2 bicssc
|
| 072 |
|
7 |
|a MAT034000
|2 bisacsh
|
| 082 |
0 |
4 |
|a 511.4
|2 23
|
| 245 |
1 |
0 |
|a Trends and Applications in Constructive Approximation
|h [electronic resource] /
|c edited by Detlef H. Mache, József Szabados, Marcel G. de Bruin.
|
| 264 |
|
1 |
|a Basel :
|b Birkhäuser Basel,
|c 2005.
|
| 300 |
|
|
|a XVIII, 286 p.
|b online resource.
|
| 336 |
|
|
|a text
|b txt
|2 rdacontent
|
| 337 |
|
|
|a computer
|b c
|2 rdamedia
|
| 338 |
|
|
|a online resource
|b cr
|2 rdacarrier
|
| 347 |
|
|
|a text file
|b PDF
|2 rda
|
| 490 |
1 |
|
|a ISNM International Series of Numerical Mathematics ;
|v 151
|
| 505 |
0 |
|
|a Best Poisson Approximation of Poisson Mixtures. A Linear Operator Approach -- On Some Classes of Diffusion Equations and Related Approximation Problems -- Recent Developments in Barycentric Rational Interpolation -- Approximation on Simplices and Orthogonal Polynomials -- (0, 2) Pál-type Interpolation: A General Method for Regularity -- Sufficient Convergence Conditions for Certain Accelerated Successive Approximations -- The Combined Shepard-Lidstone Bivariate Operator -- Local RBF Approximation for Scattered Data Fitting with Bivariate Splines -- Evolutionary Optimization of Neural Systems: The Use of Strategy Adaptation -- Finding Relevant Input Arguments with Radial Basis Function Networks -- Subdivision Schemes and Non Nested Grids -- A Markov-Bernstein Inequality for Gaussian Networks -- TS Control — The Link between Fuzzy Control and Classical Control Theory -- Polynomial Bases for Continuous Function Spaces -- Novel Simulation Approaches for Cyclic Steady-state Fixed-bed Processes Exhibiting Sharp Fronts and Shocks -- Semigroups Associated to Mache Operators (II) -- Recent Progress on Univariate and Multivariate Polynomial and Spline Quasi-interpolants -- A Strong Converse Result for Approximation by Weighted Bernstein Polynomials on the Real Line -- Rprop Using the Natural Gradient -- Some Properties of Quasi-orthogonal and Para-orthogonal Polynomials. A Survey.
|
| 650 |
|
0 |
|a Mathematics.
|
| 650 |
|
0 |
|a Approximation theory.
|
| 650 |
|
0 |
|a Special functions.
|
| 650 |
|
0 |
|a Computer mathematics.
|
| 650 |
|
0 |
|a Numerical analysis.
|
| 650 |
1 |
4 |
|a Mathematics.
|
| 650 |
2 |
4 |
|a Approximations and Expansions.
|
| 650 |
2 |
4 |
|a Special Functions.
|
| 650 |
2 |
4 |
|a Computational Mathematics and Numerical Analysis.
|
| 650 |
2 |
4 |
|a Numerical Analysis.
|
| 700 |
1 |
|
|a Mache, Detlef H.
|e editor.
|
| 700 |
1 |
|
|a Szabados, József.
|e editor.
|
| 700 |
1 |
|
|a Bruin, Marcel G. de.
|e editor.
|
| 710 |
2 |
|
|a SpringerLink (Online service)
|
| 773 |
0 |
|
|t Springer eBooks
|
| 776 |
0 |
8 |
|i Printed edition:
|z 9783764371241
|
| 830 |
|
0 |
|a ISNM International Series of Numerical Mathematics ;
|v 151
|
| 856 |
4 |
0 |
|u http://dx.doi.org/10.1007/3-7643-7356-3
|z Full Text via HEAL-Link
|
| 912 |
|
|
|a ZDB-2-SMA
|
| 950 |
|
|
|a Mathematics and Statistics (Springer-11649)
|